| 000 | 01044nam a22002297a 4500 | ||
|---|---|---|---|
| 005 | 20110928140214.0 | ||
| 010 | _aG-001504 | ||
| 020 |
_c275.00 _a8171943314 |
||
| 035 | 1 | d | _aG-001504 |
| 037 | _bGift | ||
| 082 | _a336.294 | ||
| 100 |
_aSinghania, Vinod K. _934978 |
||
| 245 |
_aTaxman students' guide t o income tax including central sales tax: _cby Vinod K. Singhania [and] Monica Singhania _bB.Com 2004-05/jCA(PE II, November 2004)/CS (Inter, December 2004 and June 2005) / ICWA (Inter, December 2004 and June 2005) / |
||
| 250 | _a31st rev. ed. | ||
| 260 |
_aNew Delhi _bTaxman Publications _c2004 (rev. repr.). |
||
| 270 |
_a59/32 New Rohtak Road _bNew Delhi _e110005 |
||
| 300 |
_aVarious pagings _c26cm(pbk) |
||
| 700 |
_a Singhania, Monica _934979 |
||
| 942 |
_2ddc _cEN _h336.294 _mSIN |
||
| 999 |
_c57105 _d57105 |
||